Štúdia úpravy cesty I/51 v úseku Trnava - Biela Hora
Uložené v:
| Hlavný autor: | |
|---|---|
| Ďalší autori: | |
| Médium: | Rukopis Kniha |
| Jazyk: | Slovak |
| Vydavateľské údaje: |
2025
|
| Predmet: | |
| On-line prístup: | http://is.stuba.sk/zp/portal_zp.pl?podrobnosti=182785 CRZP |
| Tagy: |
Žiadne tagy, Buďte prvý, kto otaguje tento záznam!
|
MARC
| LEADER | 00000ntm a22000003a 4500 | ||
|---|---|---|---|
| 001 | stuzp104600 | ||
| 003 | SK-STU | ||
| 005 | 20250722141538.1 | ||
| 007 | ta | ||
| 008 | 150427s2015----xo-----f-mn---000-0-slo-d | ||
| 040 | |a STU |b slo | ||
| 041 | 0 | |a slo | |
| 100 | 1 | |a Domorák, Juraj |u 010120 |4 aut |U SvF Stavebná fakulta |T SvF Katedra dopravných stavieb |X 110367 |U V120 |Y 12 |7 110367 | |
| 242 | 0 | 1 | |a Study of the Road Modifikation no. I/51 in the section Trnava - Biela Hora |y eng |
| 245 | 1 | 0 | |a Štúdia úpravy cesty I/51 v úseku Trnava - Biela Hora |
| 260 | |c 2025 | ||
| 650 | 4 | |a road design |2 eng | |
| 650 | 4 | |a road infrastructure |2 eng | |
| 650 | 4 | |a first-class road |2 eng | |
| 650 | 4 | |a intersection |2 eng | |
| 650 | 4 | |a traffic simulation |2 eng | |
| 650 | 4 | |a road realignment |2 eng | |
| 650 | 4 | |a návrh cestných komunikácií |2 slo | |
| 650 | 4 | |a dopravná infraštruktúra |2 slo | |
| 650 | 4 | |a križovatka |2 slo | |
| 650 | 4 | |a dopravný model |2 slo | |
| 650 | 4 | |a preložka cesty |2 slo | |
| 650 | 4 | |a cesta I. triedy |2 slo | |
| 700 | 1 | |a Bálint, Gabriel |u 010120 |k Z1 |4 ths |U SvF Stavebná fakulta |T SvF Katedra dopravných stavieb |X 60478 |U V120 |Y 12 |7 A000060478 | |
| 856 | 4 | |u http://is.stuba.sk/zp/portal_zp.pl?podrobnosti=182785 | |
| 856 | 4 | |u https://opac.crzp.sk/?fn=detailBiblioForm&sid=809C367C54749DCAA140ACFF7E5A |z CRZP | |